Divinités primordiales grecques - Statistiques

Statistiques générales
  • Ce quiz a été pris 55 fois
  • Le résultat moyen est 6 sur 22
Statistiques - réponses
Hint Réponse % Correct
Terre Gaïa
91%
Temps Chronos
78%
Ciel Ouranos
69%
Entité à l’origine à de tout Chaos
56%
Nuit Nyx
56%
Désir Éros
38%
Mort Thanatos
38%
Sommeil Hypnos
36%
Abîme Tartare
27%
Ténèbres Érèbe
24%
Océan Pontos
22%
Jour Héméra
18%
Montagnes Ouréa
11%
Mer Thalassa
11%
Nécessité Ananké
9%
Lumière du jour Ether
9%
Nérée
9%
Îles Nèsoi
9%
Céto
2%
Eurybie
2%
5 divinités marines Phorcys
2%
Thaumas
2%
Aucun quiz correspondant
Distribution des résultats
% des personnes avec chaque résultat
Percentile par nombre de réponses
Votre historique - résultats
Vous n’avez pas pris ce quiz